00597 a2200193 450000100060000002000180000604000240002410000210004824000160006924500110008530000070009636200090010344000120011265000310012494200070015595201040016295201200026699900170038646289 a9788508153961 cAnchieta - Aquarius aIacocca, Michele10aNerinalpor10aNerina a320 a2012 1aÁtica 4aLiteratura infanto-juvenil cBK 00104070a87.1b87.1d2023-11-21l0o028.5 IAC NERp3968/AQUr2023-11-21 15:12:44w2023-11-21yBK 00102udc4070a46.2b46.2d2024-02-02l2p05559q2024-07-23r2024-07-16 14:48:36s2024-07-16t1w2024-02-02yBKu c46289d46289